000 00805nam a2200241Ia 4500
003 OSt
005 20220923212442.0
006 a|||||r|||| 00| 0
007 ta
008 220922b |||||||| |||| 00| 0 hin d
024 _a153,103
037 _cTextual
040 _aARTS
_cARTS
_bhin
041 _2hin
_ahin
082 _aNTv2.N, 152M3
100 _aलाल, लक्ष्मी नारायण
245 0 _aरंगमंच देखना और जानना
246 _aRangahincha dekhanā aur jānanā
260 _aनई दिल्ली
_b सातवाहन पब्लि0 हाउस
_c1983
300 _a110 पृ.
_ccm.
942 _hNTv2.N, 152M3
_cTEXL
_2CC
999 _c308751
_d308751